000 003290000a22001450004500
003 MACL
040 _aMACL
090 _c2745
_d2745
100 _aKothari, D.S.
245 _aSeminar on Yoga, Science and Man
260 _bCentral Council for Research In India
_c1976
350 _a50
650 _aPhilisophy
942 _cBOOK
_k181
999 _c2726
_d2726